| 000 | 00912nas a2200301 4500 | ||
|---|---|---|---|
| 001 | BR0103676 | ||
| 003 | BR-BrBNA | ||
| 005 | 20231205102343.0 | ||
| 007 | ta | ||
| 008 | 230509b bl.|||p| |||| 00| 00por d | ||
| 040 |
_aBR-BrBNA _bpor _cBiblioteca Nacional de Agricultura |
||
| 041 | _a(Pt) | ||
| 072 | _aF01 | ||
| 100 | 1 | _aAraujo Neto, S.E. de | |
| 100 | 1 | _aPraca, E.F. | |
| 100 | 1 | _aCarvalho, E.F. de | |
| 100 | 1 | _aAlves, R.E. | |
| 100 | 1 | _aMenezes, J.B. | |
| 100 | 1 | _aMorais, E.A. de | |
| 245 | 1 | _aDeterminacao do ponto de colheita e indices de maturacao para sapoti (Manilkara achras (Mill.)Fosberg) | |
| 650 | _aSapoti | ||
| 650 | _aEpoca de Colheita | ||
| 650 | _aMaturacao | ||
| 650 | _aQualidade | ||
| 773 | 0 |
_tRevista Brasileira de Fruticultura (Brazil) _xISSN 0100-2945 _g(Apr 2001), v. 23(1) p. 45-49 _wBR0103676 |
|
| 909 |
_a202311 _bLúcia _c55 _dLúcia Elande |
||
| 942 |
_2AGRIS _n0 _cANA |
||
| 999 |
_c167139 _d167139 |
||